AHAx100 /

Gespeichert in:
Bibliographische Detailangaben
1. Verfasser: Kompaník, Tomáš (Verfasst von)
Format: Buch
Sprache:Slowakisch
Englisch
Veröffentlicht: Považská Bystrica : aha.slovakia, 2020
Ausgabe:1. vydanie
Schlagworte:
Tags: Tag hinzufügen
Keine Tags, Fügen Sie das erste Tag hinzu!

MARC

LEADER 00000nam a22000003a 4500
001 0090650
003 SK-STU
005 20230125134017.8
007 ta
008 211005s ----xo-----e------000-0-----d
020 |a 978-80-972946-8-7 
040 |a STU  |b slo 
041 0 |a slo  |a eng 
044 |a xo 
100 1 |a Kompaník, Tomáš  |4 aut 
245 1 0 |a AHAx100 /  |c aut. Tomáš Kompaník 
250 |a 1. vydanie 
260 |a Považská Bystrica :  |b aha.slovakia,  |c 2020 
300 |a 312 s. 
650 0 7 |a vzory 
650 0 7 |a ornament 
650 0 7 |a grafický dizajn 
650 0 7 |a umenie ľudové 
650 0 7 |a textilné remeslá 
650 0 7 |a móda 
996 |b 284AU09097  |c A* 12379/U  |l AA5150  |s P  |a 0  |w 0090650_0001